| 000 | 00490nam a2200157Ia 4500 | ||
|---|---|---|---|
| 008 | 240729s9999 xx 000 0 und d | ||
| 022 | _a2322-0228 | ||
| 245 | 0 | _aG-Journal of Environmental Science and Technology | |
| 260 | _aIndia | ||
| 260 | _bEnvironment, Agriculture and Education Society | ||
| 650 | _a Environmental sciences | ||
| 650 | _aGeography. Anthropology. Recreation | ||
| 856 | _uhttps://doaj.org/toc/9917dee282de49b39d8b8a1314bab7ec | ||
| 942 | _2ddc | ||
| 942 | _cDOAJEJ | ||
| 999 |
_c72948 _d72948 |
||
| 945 |
_a1 _bMadushi Gamage _c1 _dMadushi Gamage |
||